[Event "Madrid-ch Seniors 50"]
[Site "Madrid"]
[Date "2022.04.06"]
[Round "8"]
[White "Marcos Herrero, Francisco"]
[Black "Martin Sanchez, Pablo"]
[Result "1-0"]
[WhiteElo "1897"]
[BlackElo "1766"]
[PlyCount "51"]
[EventDate "2022.03.28"]
[EventType "swiss"]
[EventRounds "9"]
[EventCountry "ESP"]
[SourceTitle "EXT 2023"]
[Source "ChessBase"]
[SourceDate "2022.10.05"]
[SourceVersion "1"]
[SourceVersionDate "2022.10.05"]
[SourceQuality "1"]

1. c4 c6 2. Nf3 d5 3. d4 Nf6 4. g3 dxc4 5. Bg2 e6 6. 0-0 Nbd7 7. Qc2 Be7 8. Nbd2 0-0 9. Nxc4 Nd5 10. a3 N5b6 11. Ncd2 Nf6 12. Rd1 Bd7 13. Nb3 Qc8 14. e4 Rd8 15. Bf4 Be8 16. Rac1 h6 17. Qe2 Bf8 18. Bh3 g5 19. e5 Nfd5 20. Bxg5 hxg5 21. Nxg5 Qc7 22. Qh5 Bg7 23. Nc5 Qe7 24. Qh7+ Kf8 25. Ngxe6+ fxe6 26. Nxe6+ 1-0

[Event "Madrid-ch Seniors 50"]
[Site "Madrid"]
[Date "2022.03.31"]
[Round "4"]
[White "Pareja Vicente, Antonio"]
[Black "Martin Sanchez, Pablo"]
[Result "1-0"]
[WhiteElo "1604"]
[BlackElo "1766"]
[PlyCount "69"]
[EventDate "2022.03.28"]
[EventType "swiss"]
[EventRounds "9"]
[EventCountry "ESP"]
[SourceTitle "EXT 2023"]
[Source "ChessBase"]
[SourceDate "2022.10.05"]
[SourceVersion "1"]
[SourceVersionDate "2022.10.05"]
[SourceQuality "1"]

1. e4 c5 2. c3 Nc6 3. Nf3 g6 4. Bd3 Bg7 5. Bc2 e6 6. 0-0 Nge7 7. d3 d5 8. Bg5 Qc7 9. Nbd2 0-0 10. Nb3 b6 11. Qc1 Bb7 12. Bh6 Ne5 13. Nxe5 Qxe5 14. Bf4 Qh5 15. Bd1 Qh4 16. Bg5 Bh6 17. Bxh4 Bxc1 18. Bxe7 Bxb2 19. Rb1 Rfe8 20. Rxb2 Rxe7 21. exd5 exd5 22. Re2 Rae8 23. Rfe1 Kf8 24. Rxe7 Rxe7 25. Rxe7 Kxe7 26. Bf3 Kd6 27. Nd2 Bc8 28. d4 Bd7 29. Nb3 Bf5 30. Kf1 Bb1 31. a3 Bf5 32. Ke2 Be6 33. h3 c4 34. Nd2 Kc6 35. Nxc4 1-0

[Event "Madrid-ch Previa-A"]
[Site "Madrid"]
[Date "2022.03.15"]
[Round "5"]
[White "Martin Sanchez, Pablo"]
[Black "Villodre Miranda, Juan Alonso"]
[Result "1-0"]
[WhiteElo "1766"]
[BlackElo "1563"]
[PlyCount "83"]
[EventDate "2022.03.07"]
[EventType "swiss"]
[EventRounds "9"]
[EventCountry "ESP"]
[SourceTitle "EXT 2023"]
[Source "ChessBase"]
[SourceDate "2022.10.05"]
[SourceVersion "1"]
[SourceVersionDate "2022.10.05"]
[SourceQuality "1"]

1. e4 e5 2. Nf3 d6 3. d4 exd4 4. Nxd4 Nc6 5. Nc3 Nxd4 6. Qxd4 Nf6 7. Bc4 Be6 8. Bb3 Be7 9. 0-0 0-0 10. f4 Bxb3 11. axb3 Nd7 12. Rxa7 Rb8 13. Nd5 Nb6 14. c4 Nxd5 15. exd5 Bf6 16. Qd3 Re8 17. Ra2 Qd7 18. Bd2 b5 19. Bc3 Bxc3 20. bxc3 bxc4 21. bxc4 Qe7 22. h3 f6 23. Raf2 Qe3 24. Rd1 Rb3 25. Qxe3 Rxe3 26. Rd4 Rexc3 27. Re2 Kf7 28. Rde4 Rb1+ 29. Kf2 Rd1 30. f5 g5 31. Re7+ Kf8 32. Rxc7 Rb1 33. Ra2 Rb8 34. Rxh7 Kg8 35. Rc7 Re8 36. Ra6 Rce3 37. Rxd6 Re2+ 38. Kg1 Rc2 39. Re6 Ra8 40. d6 Rd8 41. c5 Rc1+ 42. Kh2 1-0

[Event "Madrid-ch Previa-A"]
[Site "Madrid"]
[Date "2002.11.06"]
[Round "9.3"]
[White "Martinez Alvarez, Carlos"]
[Black "Martin Sanchez, Pablo"]
[Result "1/2-1/2"]
[WhiteElo "1839"]
[BlackElo "1998"]
[PlyCount "25"]
[EventDate "2002.10.29"]
[EventType "swiss"]
[EventRounds "9"]
[EventCountry "ESP"]
[SourceTitle "EXT 2004"]
[Source "ChessBase"]
[SourceDate "2003.11.25"]
[SourceVersion "1"]
[SourceVersionDate "2003.11.25"]
[SourceQuality "1"]

1. e4 e5 2. Nf3 Nc6 3. Bc4 Be7 4. 0-0 Nf6 5. d3 d6 6. c3 0-0 7. Bg5 Bg4 8. Nbd2 Qd7 9. Re1 Rae8 10. Nf1 Bd8 11. Ne3 Bh5 12. h3 a6 13. Nf5 1/2-1/2

[Event "Madrid-ch Previa-A"]
[Site "Madrid"]
[Date "2002.10.29"]
[Round "1.2"]
[White "Martin Sanchez, Pablo"]
[Black "Galan Aguado, Fernando"]
[Result "1-0"]
[WhiteElo "1998"]
[BlackElo "1798"]
[PlyCount "60"]
[EventDate "2002.10.29"]
[EventType "swiss"]
[EventRounds "9"]
[EventCountry "ESP"]
[SourceTitle "EXT 2004"]
[Source "ChessBase"]
[SourceDate "2003.11.25"]
[SourceVersion "1"]
[SourceVersionDate "2003.11.25"]
[SourceQuality "1"]

1. e4 e6 2. d4 d5 3. exd5 exd5 4. Bd3 Bd6 5. Ne2 Ne7 6. 0-0 Bf5 7. Bg5 Bxd3 8. Qxd3 0-0 9. Nd2 c6 10. Qh3 Qd7 11. g4 Ng6 12. f4 f6 13. Bh4 Nxh4 14. Qxh4 Qe6 15. Rae1 Qe3+ 16. Kh1 Qxd2 17. g5 Nd7 18. Ng3 fxg5 19. Qxg5 Bxf4 20. Qg4 Rf7 21. Re2 Qxd4 22. Nf5 Rxf5 23. Qxf5 Rf8 24. Qxd7 Qxb2 25. Qe6+ Kh8 26. Qf5 Kg8 27. Qxf8+ Kxf8 28. Rxf4+ Qf6 29. Rxf6+ gxf6 30. Kg2 Kf7 1-0

[Event "Madrid-ch Previa-A"]
[Site "Madrid"]
[Date "2002.10.23"]
[Round "3.1"]
[White "Martin Sanchez, Pablo"]
[Black "Noriega de la Sierra, Antonio"]
[Result "0-1"]
[WhiteElo "1998"]
[BlackElo "1846"]
[PlyCount "96"]
[EventDate "2002.10.29"]
[EventType "swiss"]
[EventRounds "9"]
[EventCountry "ESP"]
[SourceTitle "EXT 2004"]
[Source "ChessBase"]
[SourceDate "2003.11.25"]
[SourceVersion "1"]
[SourceVersionDate "2003.11.25"]
[SourceQuality "1"]

1. e4 c5 2. d4 cxd4 3. Nf3 Nc6 4. Nxd4 g6 5. Be3 Bg7 6. c3 Nf6 7. f3 a6 8. Be2 Qc7 9. Qd2 d5 10. Nxc6 bxc6 11. exd5 cxd5 12. Na3 Bb7 13. Bh6 0-0 14. h4 Qg3+ 15. Kf1 Bxh6 16. Qxh6 d4 17. Rh3 Qe5 18. f4 Bxg2+ 19. Ke1 Qe4 20. Rg3 Nh5 21. Qxh5 d3 22. Qg4 f5 23. Qh5 Rf7 24. Kf2 Rg7 25. Bf3 gxh5 26. Rxg7+ Kxg7 27. Bxe4 Bxe4 28. Ke3 Rd8 29. Nc4 Kf6 30. Nd2 Bb7 31. Nc4 Rg8 32. Kxd3 Rg3+ 33. Kd4 Rf3 34. Re1 Rxf4+ 35. Kc5 Rxh4 36. b4 Rh3 37. Kd4 Rh4+ 38. Kc5 Rh3 39. Kd4 Be4 40. a4 Rd3+ 41. Kc5 Rxc3 42. Re3 Bd3 43. Rxd3 Rxd3 44. Nb6 h4 45. Kc4 Rd6 46. Kc5 Rxb6 47. Kxb6 h3 48. Kxa6 h2 0-1

[Event "Madrid-ch Previa-A"]
[Site "Madrid"]
[Date "2002.10.22"]
[Round "2.1"]
[White "Corredor Gonzalez, Angel L"]
[Black "Martin Sanchez, Pablo"]
[Result "0-1"]
[WhiteElo "1874"]
[BlackElo "1998"]
[PlyCount "60"]
[EventDate "2002.10.29"]
[EventType "swiss"]
[EventRounds "9"]
[EventCountry "ESP"]
[SourceTitle "EXT 2004"]
[Source "ChessBase"]
[SourceDate "2003.11.25"]
[SourceVersion "1"]
[SourceVersionDate "2003.11.25"]
[SourceQuality "1"]

1. e4 e5 2. Nc3 Nc6 3. f4 exf4 4. Nf3 g5 5. h3 d6 6. d4 Bg7 7. Bb5 a6 8. Ba4 b5 9. Bb3 Na5 10. Qe2 b4 11. Nd5 Nxb3 12. axb3 c5 13. dxc5 h6 14. Nxb4 Ne7 15. cxd6 Qxd6 16. c3 0-0 17. 0-0 a5 18. Rd1 Qb6+ 19. Kh1 Bb7 20. Nd5 Bxd5 21. exd5 Nf5 22. Qc2 Ng3+ 23. Kh2 Rfe8 24. Ng1 Qd6 25. Qf2 Bf8 26. Bd2 Qc7 27. Re1 Ne4 28. Qd4 f3+ 29. Kh1 Ng3+ 30. Kh2 Nf1+ 0-1